| 000 | 00406nam a22001697a 4500 | ||
|---|---|---|---|
| 003 | LK-CoMWRAF | ||
| 005 | 20231027105622.0 | ||
| 008 | 231027b |||||||| |||| 00| 0 eng d | ||
| 040 |
_aLK-CoMWRAF _dLK-CoMWRAF _eLK-CoMWRAF |
||
| 041 | _aeng | ||
| 082 |
_a297.63 _bCHR |
||
| 100 | _aChrist, Jesus | ||
| 245 | _aThe Holy Prophet foretold | ||
| 260 | _aDehiwala : | ||
| 650 | _aIslam--Prophet | ||
| 942 | _cBK | ||
| 999 |
_c4019 _d4019 |
||